AFC Bournemouth Squad 2018-2019 - Statistics

General Stats
  • This quiz has been taken 13 times
  • The average score is 16 of 29
Answer Stats
# Position Nation Player % Correct
27 GK Bosnia and Herzegovina Asmir Begović
100%
1 GK Poland Artur Boruc
91%
17 FW Norway Joshua King
91%
15 DF England Adam Smith
82%
- Coach England Eddie Howe
82%
8 MF Colombia Jefferson Lerma
82%
16 MF England Lewis Cook
82%
5 DF Netherlands Nathan Aké
82%
3 DF England Steve Cook
82%
13 FW England Callum Wilson
73%
6 MF England Andrew Surman
64%
33 DF Wales Chris Mepham
64%
20 MF Wales David Brooks
64%
19 FW England Junior Stanislas
64%
24 FW Scotland Ryan Fraser
64%
4 MF England Dan Gosling
55%
9 FW France Lys Mousset
55%
11 DF England Charlie Daniels
45%
21 DF Spain Diego Rico
36%
29 FW England Dominic Solanke
36%
18 FW England Jermain Defoe
36%
2 DF England Simon Francis
36%
12 GK England Aaron Ramsdale
27%
10 FW England Jordon Ibe
27%
26 DF England Tyrone Mings
18%
22 MF United States Emerson Hyndman
9%
7 FW England Marc Pugh
9%
23 DF England Nathaniel Clyne
9%
25 DF England Jack Simpson
0%
No matching quizzes found
Score Distribution
Percent of People with Each Score
Percentile by Number Answered
Your Score History
You have not taken this quiz